Indovina l'app dall'immagine - Statistics

Statistiche generali
  • Questo quiz è stato fatto 115 volte
  • Il punteggio medio è 13 su 16
Statistiche sulle risposte
con Immagini Risposta % Corretto
Fotocamera
95%
Gmail
94%
Google
94%
Impostazioni
93%
Calcolatrice
91%
Foto
91%
Play store
91%
Mail
90%
QR code scanner
90%
Telefono
90%
WhatsApp
89%
Video
70%
Registratore
67%
Musica
66%
Classeviva
60%
YouTube music
56%
Nessun quiz corrispondente trovato
Distribuzione punteggi
Percentuale di utenti per punteggio
Percentile per numero di risposta
I tuoi punteggi nel tempo
Non hai fatto questo quiz